000 00577 a2200169 4500
003 Nust
005 20251020123843.0
040 _cNust
082 _a621.382,MAL
100 _aMalik , Sarwar Amad Capt ( TE-34)
_9131249
245 _aIntelligent high speed analog to digital converter using slow speed analog to digital cnverters and its interface with PCI/O channel /
_cCapt Amad Sarwar Malidk & Capt Muhammad Ali ,Capt Irfan Bashir
260 _aRawalpindi
_bMCS
_c2001
300 _a76 :p,;
650 _aUG Projects
_998716
651 _aTE-34
_9131250
942 _cPR
_2ddc
999 _c182673
_d182673